000 00994nam a2200265Ia 4500
003 OSt
005 20221005111005.0
006 a|||||r|||| 00| 0
007 ta
008 221004b |||||||| |||| 00| 0 hin d
020 _a9788171190904 (hbk)
_c500
024 _a19981
037 _bSP/3820, 25/03/2015, Star Publications Pvt. Ltd.
_cTextual
040 _aCRL
_cCRL
_bhin
041 _2hin
_ahin
082 _aO152,6N112x, N2;Q3
100 _aशमशेर बहादुर सिंह
245 0 _aकुछ और गद्य - रचनाएॅं
246 _aKuchh aur gadya - rachanāeॅan
260 _aनई दिल्ली
_bराधाकृष्ण भारत
_c2013
300 _a238पृ0
_ccm.
650 _aहिन्दी साहित्य
942 _hO152,6N112x, N2;Q3
_cTEXL
_2cc
999 _c1020496
_d1020496